[Event "Tournoi francophone 002 Groupe C"]
[Site "Skype"]
[Date "????.??.??"]
[Round "1.1"]
[White "Tamditi, Ibrahim"]
[Black "Martin, Jean-Claude"]
[Result "0-1"]
[WhiteElo "1288"]
[BlackElo "1455"]
[PlyCount "106"]

1. e4 e5 2. Bc4 Nf6 3. Nf3 Nc6 4. Ng5 d5 5. exd5 Nxd5 6. d4 f6 7. Ne4 Be6 8.
dxe5 Nxe5 9. Nbc3 Bb4 10. Bd2 Nxc4 11. Nxd5 Bxd2+ 12. Nxd2 Bxd5 13. Nxc4 Bxc4
14. Qf3 Qe7+ 15. Qe3 Qxe3+ 16. fxe3 O-O-O 17. b3 Bd5 18. O-O Rhe8 19. c4 Bxc4
20. bxc4 Rxe3 21. Rac1 Rd2 22. Rf2 Ree2 23. Rxe2 Rxe2 24. a3 h5 25. Kf1 Re5 26.
h3 g5 27. Kf2 Rf5+ 28. Ke3 Re5+ 29. Kf2 f5 30. Kf3 Re4 31. Rc2 g4+ 32. hxg4
hxg4+ 33. Kf2 f4 34. Rc3 g3+ 35. Kf3 Rd4 36. c5 c6 37. Rc2 Kd7 38. Kg4 Ra4 39.
Rd2+ Kc7 40. Rd3 b6 41. cxb6+ axb6 42. Rc3 b5 43. Rb3 Kb6 44. Kf5 c5 45. Ke5 c4
46. Rc3 Kc5 47. Kxf4 Kd4 48. Rxg3 c3 49. Rg4 Kd3+ 50. Kf3 Rxg4 51. Kxg4 c2 52.
g3 c1=Q 53. Kh3 Qxa3 0-1

[Event "Tournoi francophone 002 Groupe C"]
[Site "Skype"]
[Date "????.??.??"]
[Round "1.2"]
[White "Rodriguez, Nathalie"]
[Black "Le Brun, Yves"]
[Result "0-1"]
[WhiteElo "1498"]
[BlackElo "1540"]
[PlyCount "80"]

1. Nf3 d6 2. d3 Nf6 3. e4 g6 4. Nc3 Bg7 5. e5 dxe5 6. Nxe5 Nbd7 7. Nf3 O-O 8.
Be2 a6 9. d4 b6 10. a3 Bb7 11. O-O Re8 12. h3 Ne4 13. Nxe4 Bxe4 14. c3 b5 15.
Qb3 h6 16. Nd2 Bb7 17. Bd3 e6 18. f3 Nb6 19. Re1 Bd5 20. Qc2 Kh7 21. b3 Qd6 22.
Nf1 c5 23. dxc5 Qxc5+ 24. Be3 Qc7 25. Bd2 Rac8 26. Rac1 Nd7 27. Ne3 Bb7 28. Kh1
Ne5 29. Be2 Bf6 30. Nf1 Be7 31. Ra1 Bc5 32. Ne3 Qb6 33. Qc1 Rcd8 34. f4 Nd3 35.
Bxd3 Rxd3 36. Qc2 Red8 37. Re2 Bxe3 38. Bxe3 Rxe3 39. Rxe3 Qxe3 40. Rf1 Qxh3+
0-1

[Event "Tournoi francophone 002 Groupe C"]
[Site "Skype"]
[Date "????.??.??"]
[Round "1.3"]
[White "Holtz, Steve"]
[Black "Coruble, Didier"]
[Result "1-0"]
[WhiteElo "1538"]
[BlackElo "1511"]
[PlyCount "45"]

1. d4 e6 2. e4 d6 3. Nf3 Nd7 4. c4 b6 5. Bd3 Bb7 6. Nc3 a6 7. O-O Ne7 8. Re1
Ng6 9. d5 e5 10. a3 Be7 11. b4 O-O 12. Rb1 c5 13. bxc5 dxc5 14. Be3 Bd6 15. Na4
f6 16. Qb3 Nf4 17. Bxf4 exf4 18. Nxb6 Nxb6 19. Qxb6 Qxb6 20. Rxb6 Rfd8 21. Rxb7
Rab8 22. Rxb8 Rxb8 23. Rb1 1-0

[Event "Tournoi francophone 002 Groupe C"]
[Site "Skype"]
[Date "????.??.??"]
[Round "1.4"]
[White "Dubois, Real"]
[Black "Porcabeuf, Jean-Marc"]
[Result "0-1"]
[WhiteElo "1410"]
[BlackElo "1373"]
[PlyCount "74"]

1. d4 d5 2. g3 c6 3. Bg2 h6 4. Nf3 Nf6 5. e3 Bf5 6. c3 Nbd7 7. Nbd2 e6 8. O-O
Be7 9. Re1 Qc7 10. c4 O-O 11. c5 Rfe8 12. b3 b6 13. cxb6 axb6 14. Bb2 c5 15. a3
Bd6 16. Rc1 c4 17. bxc4 Bxa3 18. Bxa3 Rxa3 19. cxd5 Qd6 20. dxe6 Qxe6 21. Rc7
Ra5 22. Nb3 Rd5 23. Qc1 Bh3 24. Nh4 Bxg2 25. Nxg2 Ne4 26. Nf4 Qf5 27. Re2 Rb5
28. Nd2 Nxd2 29. Rxd2 Nf6 30. Nd3 Qe4 31. Ne5 Rb1 32. Qxb1 Qxb1+ 33. Kg2 Qe4+
34. Kh3 Rf8 35. Rdc2 Nd5 36. R7c6 Ne7 37. Rxb6 Qxc2 0-1

[Event "Tournoi francophone 002 Groupe C"]
[Site "Skype"]
[Date "????.??.??"]
[Round "1.5"]
[White "Talbot, Jacques"]
[Black "De Coninck, Philippe"]
[Result "0-1"]
[WhiteElo "1452"]
[BlackElo "1492"]
[PlyCount "102"]

1. e4 e5 2. Nf3 Nf6 3. Nxe5 d6 4. Nf3 Nxe4 5. d4 d5 6. Bd3 Be7 7. O-O O-O 8.
Re1 Nf6 9. Bg5 h6 10. Bxf6 Bxf6 11. c3 g6 12. Nbd2 Nd7 13. Qc2 Kg7 14. Re2 Re8
15. Rae1 Rxe2 16. Rxe2 b6 17. Ne5 Nxe5 18. dxe5 Bg5 19. Nf3 Bg4 20. h3 Bxf3 21.
gxf3 Qe7 22. c4 Rd8 23. Qc3 c5 24. cxd5 Rxd5 25. Kf1 Qe6 26. Kg2 Rd4 27. Re4
Rxe4 28. Bxe4 Bf4 29. Qa3 Bxe5 30. Qxa7 Bxb2 31. Qb7 Qf6 32. Qc6 Qxc6 33. Bxc6
Kf6 34. Kf1 Ke5 35. Ke2 Kd4 36. Be4 Kc3 37. Bd5 f6 38. Bf7 g5 39. Bg6 c4 40.
Bf7 b5 41. Bd5 Ba3 42. Be4 Kb2 43. Bc6 b4 44. Bd5 c3 45. Be4 Kxa2 46. Kd1 b3
47. Bd3 Bc5 48. Kc1 Ba3+ 49. Kd1 Kb2 50. Be4 c2+ 51. Bxc2 bxc2+ 0-1

[Event "Tournoi francophone 002 Groupe C"]
[Site "Skype"]
[Date "????.??.??"]
[Round "2.1"]
[White "Martin, Jean-Claude"]
[Black "De Coninck, Philippe"]
[Result "0-1"]
[WhiteElo "1455"]
[BlackElo "1492"]
[PlyCount "68"]

1. d4 e5 2. d5 c6 3. e4 Nf6 4. Nc3 Bb4 5. Bd3 O-O 6. Nf3 d6 7. h3 Nbd7 8. Be3
cxd5 9. exd5 e4 10. Bxe4 Nxe4 11. O-O Nxc3 12. bxc3 Bxc3 13. Rb1 b6 14. Rb3 Bf6
15. c4 Ba6 16. Qd3 Rc8 17. Rc1 Rc7 18. Bd4 Bxd4 19. Qxd4 Qa8 20. Nd2 Nf6 21.
Rbc3 Rfc8 22. Ne4 Nxe4 23. Qxe4 Re8 24. Qd3 Rce7 25. Qf1 Qc8 26. g4 Re2 27.
R3c2 Rxc2 28. Rxc2 Re4 29. f3 Rxc4 30. Rxc4 Bxc4 31. Qc1 Qc5+ 32. Kg2 Qxd5 33.
Qa3 a5 34. Qc3 h5 0-1

[Event "Tournoi francophone 002 Groupe C"]
[Site "Skype"]
[Date "????.??.??"]
[Round "2.2"]
[White "Porcabeuf, Jean-Marc"]
[Black "Talbot, Jacques"]
[Result "1-0"]
[WhiteElo "1373"]
[BlackElo "1452"]
[PlyCount "79"]

1. d4 d5 2. c4 e6 3. a3 Nf6 4. Nc3 c6 5. h3 Be7 6. Nf3 Nbd7 7. e3 O-O 8. Bd3
dxc4 9. Bxc4 Nd5 10. e4 Nxc3 11. bxc3 Nb6 12. Bd3 Bd7 13. O-O Qc7 14. Ne5 Bd6
15. Nf3 h6 16. e5 Be7 17. Bf4 Nd5 18. Bd2 c5 19. c4 Nb6 20. Qc1 Rfe8 21. Bxh6
gxh6 22. Qxh6 f5 23. exf6 Bxf6 24. Qxf6 Qd8 25. Qh6 Re7 26. Ne5 Rg7 27. Ng6 Rh7
28. Qe3 Rg7 29. Ne5 Qg5 30. Qe4 Bc6 31. Nxc6 bxc6 32. Qxe6+ Kh8 33. g3 Rag8 34.
Kg2 cxd4 35. Rae1 Qd2 36. Qe5 Qxd3 37. Re2 Qxc4 38. Rfe1 d3 39. Re4 Qc2 40.
Rh4# 1-0

[Event "Tournoi francophone 002 Groupe C"]
[Site "Skype"]
[Date "????.??.??"]
[Round "2.3"]
[White "Coruble, Didier"]
[Black "Dubois, Real"]
[Result "1-0"]
[WhiteElo "1511"]
[BlackElo "1410"]
[PlyCount "63"]

1. b3 Nf6 2. Bb2 d5 3. e3 c6 4. c4 e6 5. c5 Bxc5 6. Nc3 O-O 7. d4 Be7 8. Bd3
Nbd7 9. a3 a6 10. Nge2 b5 11. b4 Bb7 12. f3 Qc7 13. Qc2 a5 14. Na2 axb4 15.
Nxb4 Bxb4+ 16. axb4 Rxa1+ 17. Bxa1 Ra8 18. O-O e5 19. Ng3 exd4 20. Bxd4 Ne5 21.
Be2 Ned7 22. f4 Qd6 23. Qc3 Qe7 24. Nf5 Qf8 25. Rf3 Qd8 26. Rg3 g6 27. Bd3 Ne4
28. Bxe4 dxe4 29. Bh8 f6 30. Nh6+ Kf8 31. Qb3 Ke8 32. Qf7# 1-0

[Event "Tournoi francophone 002 Groupe C"]
[Site "Skype"]
[Date "????.??.??"]
[Round "2.4"]
[White "Le Brun, Yves"]
[Black "Holtz, Steve"]
[Result "1-0"]
[WhiteElo "1540"]
[BlackElo "1538"]
[PlyCount "59"]

1. e4 e5 2. Bc4 Nc6 3. Nf3 Nd4 4. Nxe5 Qg5 5. Bxf7+ Kd8 6. Ng4 Nh6 7. c3 Nc2+
8. Qxc2 Qxg4 9. Bc4 Qxg2 10. Rf1 Qxh2 11. d4 d6 12. Bxh6 gxh6 13. Qe2 Bh3 14.
Qf3 Bxf1 15. Qf6+ Kd7 16. Be6+ Kc6 17. Kxf1 Qh1+ 18. Ke2 Qxe4+ 19. Kd1 Bg7 20.
d5+ Kb6 21. Qxg7 Rhf8 22. Nd2 Qh1+ 23. Kc2 Qxa1 24. Nc4+ Ka6 25. Qxc7 Rxf2+ 26.
Kb3 Qd1+ 27. Kb4 Rxb2+ 28. Nxb2 b6 29. Bc8+ Rxc8 30. Qxc8# 1-0

[Event "Tournoi francophone 002 Groupe C"]
[Site "Skype"]
[Date "????.??.??"]
[Round "2.5"]
[White "Tamditi, Ibrahim"]
[Black "Rodriguez, Nathalie"]
[Result "0-1"]
[WhiteElo "1288"]
[BlackElo "1498"]
[PlyCount "52"]

1. e4 e5 2. Bc4 Nf6 3. Nf3 Nc6 4. Ng5 d5 5. exd5 Nxd5 6. Nxf7 Kxf7 7. Qf3+ Ke6
8. Nc3 Nce7 9. d4 c6 10. dxe5 h6 11. O-O g5 12. Qf6+ Kd7 13. Bxd5 cxd5 14. Qxh8
Ke8 15. f4 Ng6 16. Qg8 Ne7 17. Qh7 Bf5 18. Qh8 Qb6+ 19. Kh1 Qg6 20. fxg5 hxg5
21. Nb5 Kd7 22. Nd6 Ke6 23. Nxb7 Ng8 24. Nc5+ Bxc5 25. Bd2 Bf8 26. Kg1 Bg7 0-1

[Event "Tournoi francophone 002 Groupe C"]
[Site "Skype"]
[Date "????.??.??"]
[Round "3.2"]
[White "Holtz, Steve"]
[Black "Tamditi, Ibrahim"]
[Result "1-0"]
[WhiteElo "1538"]
[BlackElo "1288"]
[PlyCount "71"]

1. d4 e5 2. dxe5 Qe7 3. Nf3 Nc6 4. c3 Nxe5 5. e3 Nxf3+ 6. Qxf3 Nf6 7. Bd3 d5 8.
h3 Be6 9. O-O O-O-O 10. Nd2 Kb8 11. Re1 g6 12. Nb3 b6 13. Nd4 Kb7 14. Qd1 Bg7
15. Qa4 Bd7 16. Qa6+ Ka8 17. Bb5 Bxb5 18. Qxb5 Qe8 19. Qa6 c6 20. b4 Ne4 21.
Bb2 Bxd4 22. cxd4 Qd7 23. a4 Qf5 24. Re2 Rhg8 25. Rc1 Rd6 26. Ba3 Rf6 27. Rcc2
g5 28. b5 c5 29. dxc5 bxc5 30. Qa5 d4 31. exd4 cxd4 32. Be7 d3 33. Rc7 a6 34.
Bxf6 dxe2 35. Qxa6+ Kb8 36. Qb7# 1-0

[Event "Tournoi francophone 002 Groupe C"]
[Site "Skype"]
[Date "????.??.??"]
[Round "3.3"]
[White "Dubois, Real"]
[Black "Le Brun, Yves"]
[Result "0-1"]
[WhiteElo "1410"]
[BlackElo "1540"]
[PlyCount "58"]

1. e4 e5 2. d3 Be7 3. Nf3 Nc6 4. Be2 Nf6 5. Be3 d5 6. exd5 Nxd5 7. Bd2 h6 8.
Nc3 O-O 9. Ne4 f5 10. Nc3 Be6 11. Qc1 f4 12. a3 a6 13. Na2 g5 14. h3 Bf6 15. c4
Nde7 16. Bc3 Nd4 17. Nxd4 exd4 18. Bb4 Rc8 19. Qd2 c5 20. Bc3 dxc3 21. Nxc3 Bd4
22. f3 Be3 23. Qc2 Nc6 24. Qd1 Nd4 25. Bf1 Nf5 26. Ne4 Qd4 27. Qe2 Rcd8 28. Nf2
Ng3 29. Nd1 Nxe2 0-1

[Event "Tournoi francophone 002 Groupe C"]
[Site "Skype"]
[Date "????.??.??"]
[Round "3.4"]
[White "Talbot, Jacques"]
[Black "Coruble, Didier"]
[Result "1-0"]
[WhiteElo "1452"]
[BlackElo "1511"]
[PlyCount "59"]

1. e4 d6 2. d4 Nf6 3. Nc3 c6 4. Nf3 g6 5. h3 Bg7 6. Be3 O-O 7. Bd3 b5 8. a3 e6
9. O-O Nbd7 10. Qd2 Bb7 11. Bh6 Nh5 12. Bxg7 Kxg7 13. b4 a5 14. Ne2 a4 15. Nf4
Nhf6 16. Rfe1 h6 17. e5 dxe5 18. Nxe5 Nxe5 19. dxe5 g5 20. exf6+ Qxf6 21. Ne2
Rad8 22. Qc3 e5 23. Ng3 Kg8 24. Qxe5 Qxe5 25. Rxe5 f6 26. Re7 Rf7 27. Rae1 Kf8
28. Rxf7+ Kxf7 29. Nf5 h5 30. Re7+ 1-0

[Event "Tournoi francophone 002 Groupe C"]
[Site "Skype"]
[Date "????.??.??"]
[Round "3.5"]
[White "De Coninck, Philippe"]
[Black "Porcabeuf, Jean-Marc"]
[Result "0-1"]
[WhiteElo "1492"]
[BlackElo "1373"]
[PlyCount "54"]

1. e4 e6 2. d4 d5 3. e5 c5 4. c3 Qc7 5. Nf3 Ne7 6. Be2 Ng6 7. O-O Be7 8. Nbd2
O-O 9. Nb3 c4 10. Nbd2 Nd7 11. b3 b5 12. bxc4 bxc4 13. Nb1 f6 14. exf6 Nxf6 15.
Ba3 Bxa3 16. Nxa3 Ne4 17. Qc2 Qe7 18. Nxc4 dxc4 19. Qxe4 Bb7 20. Qc2 Rf5 21.
Bxc4 Bxf3 22. gxf3 Raf8 23. Rae1 Qg5+ 24. Kh1 Rxf3 25. Bxe6+ Kh8 26. Re2 Nf4
27. Qd2 Qg2# 0-1

[Event "Tournoi francophone 002 Groupe C"]
[Site "Skype"]
[Date "????.??.??"]
[Round "4.1"]
[White "Martin, Jean-Claude"]
[Black "Porcabeuf, Jean-Marc"]
[Result "1-0"]
[WhiteElo "1455"]
[BlackElo "1373"]
[PlyCount "35"]

1. d4 d5 2. c4 c6 3. Nf3 Nf6 4. Nc3 Bf5 5. Bf4 Nbd7 6. cxd5 cxd5 7. e3 e6 8. a3
Be7 9. Rc1 O-O 10. Bd3 Re8 11. Bxf5 exf5 12. O-O Nh5 13. Nxd5 Nxf4 14. Nc7 Rc8
15. Nxe8 Rxc1 16. Qxc1 Bd6 17. Qc2 Qg5 18. Nxg5 1-0

[Event "Tournoi francophone 002 Groupe C"]
[Site "Skype"]
[Date "????.??.??"]
[Round "4.2"]
[White "Coruble, Didier"]
[Black "De Coninck, Philippe"]
[Result "0-1"]
[WhiteElo "1511"]
[BlackElo "1492"]
[PlyCount "104"]

1. Nf3 Nc6 2. b3 e5 3. Bb2 d6 4. d3 Nf6 5. h3 Be7 6. Nbd2 O-O 7. c4 Be6 8. Bc3
h6 9. g4 Nh7 10. Qc2 Ng5 11. Bg2 Nxf3+ 12. Bxf3 Bg5 13. e3 d5 14. cxd5 Bxd5 15.
d4 Bxf3 16. Nxf3 exd4 17. Nxd4 Nxd4 18. Bxd4 Re8 19. Qc3 Qd5 20. O-O-O f6 21.
h4 c6 22. Bxf6 Bxf6 23. Rxd5 Bxc3 24. Rd3 Bf6 25. g5 hxg5 26. hxg5 Bxg5 27. Kc2
Rf8 28. Rh2 Rf3 29. Rd1 Raf8 30. Rdh1 Bh6 31. Rd1 Rxf2+ 32. Rxf2 Rxf2+ 33. Kd3
Rf3 34. Re1 Kf7 35. Ke4 Rh3 36. Re2 Ke6 37. Kd4 g5 38. e4 Bg7+ 39. e5 g4 40. b4
a6 41. Kc5 Rh7 42. a4 Bf8+ 43. Kb6 Bxb4 44. a5 g3 45. Rg2 Rg7 46. Rg1 Bc3 47.
Kc5 Bxe5 48. Re1 Kf5 49. Rf1+ Ke4 50. Kc4 g2 51. Rg1 Bh2 52. Re1+ Kf3 0-1

[Event "Tournoi francophone 002 Groupe C"]
[Site "Skype"]
[Date "????.??.??"]
[Round "4.3"]
[White "Le Brun, Yves"]
[Black "Talbot, Jacques"]
[Result "1-0"]
[WhiteElo "1540"]
[BlackElo "1452"]
[PlyCount "71"]

1. e4 e5 2. Bc4 Nf6 3. d4 exd4 4. e5 Ne4 5. Qxd4 Nc5 6. Nf3 Nc6 7. Qd5 Ne6 8.
c3 Ne7 9. Qd1 g6 10. O-O Bg7 11. Re1 O-O 12. Be3 b6 13. Nbd2 Bb7 14. Nb3 Nf5
15. Bc1 c5 16. Bd5 Qc7 17. c4 Rfd8 18. Bg5 Nxg5 19. Nxg5 Bxd5 20. Qxd5 Nh6 21.
Rad1 Qc6 22. Ne4 Qxd5 23. Rxd5 a5 24. Nbd2 Nf5 25. Nf3 Ne7 26. Rd6 Nc8 27. Nf6+
Bxf6 28. Rxf6 Re8 29. Ng5 Re7 30. f4 h6 31. Ne4 Re6 32. Rd1 Ra7 33. Rxe6 fxe6
34. Nf6+ Kf7 35. Nxd7 Ne7 36. Nxb6 1-0

[Event "Tournoi francophone 002 Groupe C"]
[Site "Skype"]
[Date "????.??.??"]
[Round "4.4"]
[White "Tamditi, Ibrahim"]
[Black "Dubois, Real"]
[Result "0-1"]
[WhiteElo "1288"]
[BlackElo "1410"]
[PlyCount "66"]

1. e4 e5 2. Bc4 d6 3. Nf3 h6 4. h3 Nf6 5. Nc3 Be7 6. O-O O-O 7. Re1 c6 8. d4
Nbd7 9. dxe5 dxe5 10. a3 Qc7 11. b4 Rd8 12. Qe2 Nf8 13. Bb2 Be6 14. Bd3 Ng6 15.
Qe3 Rd7 16. Rad1 Rad8 17. Ne2 b6 18. Rd2 c5 19. Bb5 Rxd2 20. Nxd2 cxb4 21. axb4
Qxc2 22. Bc3 Nh7 23. Rc1 Bg5 24. Qxg5 Qxc1+ 25. Nxc1 Nxg5 26. h4 Nh7 27. Kh2
Ngf8 28. Nd3 f6 29. f4 exf4 30. Nxf4 Bd7 31. Bc4+ Kh8 32. Nf3 Rc8 33. Nd2 b5
0-1

[Event "Tournoi francophone 002 Groupe C"]
[Site "Skype"]
[Date "????.??.??"]
[Round "4.5"]
[White "Rodriguez, Nathalie"]
[Black "Holtz, Steve"]
[Result "0-1"]
[WhiteElo "1498"]
[BlackElo "1538"]
[PlyCount "52"]

1. e4 e5 2. h3 Nc6 3. Nf3 Nf6 4. Nc3 d6 5. Bc4 Na5 6. Be2 Be7 7. d3 O-O 8. O-O
c5 9. a3 Nc6 10. Nd5 Nxd5 11. exd5 Nd4 12. Nxd4 exd4 13. Bf3 Re8 14. b3 Bg5 15.
Bb2 Bf6 16. Be4 g6 17. Qf3 Bg7 18. Bc1 f5 19. Bxf5 Bxf5 20. Bf4 Bc8 21. c4 dxc3
22. Qg3 Be5 23. Qf3 Rf8 24. Rfe1 Bxf4 25. Re4 Bh2+ 26. Kf1 Rxf3 0-1

[Event "Tournoi francophone 002 Groupe C"]
[Site "Skype"]
[Date "????.??.??"]
[Round "5.1"]
[White "Holtz, Steve"]
[Black "Martin, Jean-Claude"]
[Result "0-1"]
[WhiteElo "1538"]
[BlackElo "1455"]
[PlyCount "68"]

1. d4 e5 2. e4 exd4 3. Qxd4 Nc6 4. Qd1 Nf6 5. Nc3 Bb4 6. Bd2 O-O 7. Nf3 d6 8.
Bc4 h6 9. O-O Bxc3 10. Bxc3 Nxe4 11. Qd3 Nxc3 12. Qxc3 Re8 13. Rfe1 Be6 14. Nd4
Nxd4 15. Bxe6 Nxe6 16. Re3 Nf4 17. Rae1 Rxe3 18. Qxe3 Ne6 19. f4 c5 20. f5 Nd4
21. Qf2 Qd7 22. f6 Qf5 23. Qxf5 Nxf5 24. fxg7 Kxg7 25. Rf1 Ne3 26. Rf2 Re8 27.
Re2 Re6 28. h3 Nd1 29. Rxe6 fxe6 30. b3 b5 31. c4 bxc4 32. bxc4 Nb2 33. Kf2
Nxc4 34. g4 Ne5 0-1

[Event "Tournoi francophone 002 Groupe C"]
[Site "Skype"]
[Date "????.??.??"]
[Round "5.2"]
[White "Dubois, Real"]
[Black "Rodriguez, Nathalie"]
[Result "1-0"]
[WhiteElo "1410"]
[BlackElo "1498"]
[PlyCount "57"]

1. d4 d5 2. c3 Nc6 3. Nf3 Nf6 4. e3 a6 5. Be2 Ne4 6. O-O e6 7. Nbd2 Bd6 8. Qc2
Nf6 9. Bd3 O-O 10. Re1 e5 11. Nxe5 Nxe5 12. dxe5 Bxe5 13. Nf3 Bd6 14. Ng5 g6
15. e4 Nxe4 16. Nxe4 dxe4 17. Bxe4 Qh4 18. g3 Qh5 19. Bg2 Bg4 20. Bxb7 Ra7 21.
Bg2 Bc5 22. b4 Bb6 23. a3 c6 24. Bxc6 Rc7 25. Bg2 Rc4 26. Bb2 Bf3 27. Qd3 Bxg2
28. Kxg2 Rh4 29. gxh4 1-0

[Event "Tournoi francophone 002 Groupe C"]
[Site "Skype"]
[Date "????.??.??"]
[Round "5.3"]
[White "Talbot, Jacques"]
[Black "Tamditi, Ibrahim"]
[Result "1-0"]
[WhiteElo "1452"]
[BlackElo "1288"]
[PlyCount "39"]

1. e4 e5 2. Nf3 Nc6 3. d4 exd4 4. Nxd4 Nxd4 5. Qxd4 Ne7 6. Bg5 f6 7. Bh4 Ng6 8.
Bg3 Be7 9. Bc4 c6 10. Nc3 b5 11. Bb3 Bb7 12. Qd1 Bb4 13. O-O Bxc3 14. bxc3 c5
15. a3 c4 16. Ba2 O-O 17. Re1 Re8 18. f3 Qa5 19. Qd2 Qxa3 20. Bxc4+ 1-0

[Event "Tournoi francophone 002 Groupe C"]
[Site "Skype"]
[Date "????.??.??"]
[Round "5.4"]
[White "De Coninck, Philippe"]
[Black "Le Brun, Yves"]
[Result "1-0"]
[WhiteElo "1492"]
[BlackElo "1540"]
[PlyCount "65"]

1. e4 e5 2. f4 d5 3. exd5 Qxd5 4. Nc3 Qe6 5. d3 Bb4 6. Bd2 exf4+ 7. Be2 Nf6 8.
Nf3 Ng4 9. Ng5 Qe5 10. Nf3 Qe7 11. Nd5 Ne3 12. Bxb4 Qxb4+ 13. Nxb4 Nxd1 14.
Rxd1 c6 15. c3 Nd7 16. O-O h6 17. d4 Nf6 18. Ne5 g5 19. Bf3 O-O 20. d5 c5 21.
d6 Rd8 22. Nc2 Rb8 23. Bd5 Be6 24. Bxe6 fxe6 25. a4 Rbc8 26. Na3 Nd5 27. Nec4
a6 28. Rfe1 Kf7 29. Re5 Kf6 30. Rde1 Ne3 31. Kf2 Rxd6 32. Nxd6 Ng4+ 33. Kg1 1-0

[Event "Tournoi francophone 002 Groupe C"]
[Site "Skype"]
[Date "????.??.??"]
[Round "5.5"]
[White "Porcabeuf, Jean-Marc"]
[Black "Coruble, Didier"]
[Result "1-0"]
[WhiteElo "1373"]
[BlackElo "1511"]
[PlyCount "55"]

1. d4 Nf6 2. c4 b6 3. Nc3 Bb7 4. e3 e6 5. a3 Be7 6. Bd3 O-O 7. Nf3 d5 8. O-O
Nbd7 9. Re1 dxc4 10. Bxc4 c5 11. e4 Rc8 12. Bb3 c4 13. Bc2 a6 14. e5 Nd5 15.
Nxd5 Bxd5 16. Be4 Bxe4 17. Rxe4 b5 18. Qc2 Nb6 19. Rg4 g6 20. Bh6 Re8 21. Re1
Kh8 22. Ng5 Bxg5 23. Bxg5 Qd5 24. Bf6+ Kg8 25. Qd2 Nd7 26. Qh6 Nxf6 27. exf6
Qh5 28. Qg7# 1-0

[Event "Tournoi francophone 002 Groupe C"]
[Site "Skype"]
[Date "????.??.??"]
[Round "6.1"]
[White "Martin, Jean-Claude"]
[Black "Coruble, Didier"]
[Result "1/2-1/2"]
[WhiteElo "1455"]
[BlackElo "1511"]
[PlyCount "99"]

1. d4 e6 2. c4 c5 3. d5 d6 4. Nc3 a6 5. e4 e5 6. Bd3 Be7 7. Nge2 Bg4 8. O-O h6
9. h3 Bd7 10. f4 f6 11. Ng3 Kf8 12. fxe5 dxe5 13. Nf5 Bxf5 14. Rxf5 Bd6 15. Be3
Ne7 16. Rf2 Qe8 17. Qg4 Ng6 18. Raf1 h5 19. Qg5 Nf4 20. Bxf4 exf4 21. Qf5 Nd7
22. Qe6 Qxe6 23. dxe6 Ne5 24. Be2 g5 25. Nd5 Kg7 26. b3 Rh6 27. Nxf4 gxf4 28.
Rxf4 Rah8 29. Rf5 Be7 30. Rd1 Ng4 31. Rd7 Re8 32. Rxc5 Ne5 33. Rxb7 Kg6 34.
Rcc7 Rh7 35. Kf1 f5 36. exf5+ Kxf5 37. Rb6 Rh6 38. Rxa6 Rxe6 39. Rxe6 Kxe6 40.
Bxh5 Rf8+ 41. Ke2 Bd8 42. Rc5 Bb6 43. Rb5 Ba7 44. a4 Nc6 45. Bg4+ Ke7 46. Rb7+
Kd6 47. Bd7 Nd4+ 48. Kd3 Ra8 49. g4 Bb8 50. Rb6+ 1/2-1/2

[Event "Tournoi francophone 002 Groupe C"]
[Site "Skype"]
[Date "????.??.??"]
[Round "6.2"]
[White "Le Brun, Yves"]
[Black "Porcabeuf, Jean-Marc"]
[Result "1-0"]
[WhiteElo "1540"]
[BlackElo "1373"]
[PlyCount "127"]

1. e4 e6 2. Nf3 d5 3. exd5 Qxd5 4. c4 Qd8 5. a3 Nf6 6. Nc3 Nbd7 7. d4 b6 8. Bf4
a6 9. Bd3 Nh5 10. Be3 Nhf6 11. O-O Bb7 12. h3 Be7 13. Be2 O-O 14. Ne1 Bd6 15.
Bf3 Bxf3 16. Qxf3 Re8 17. Rd1 e5 18. dxe5 Nxe5 19. Qe2 Ng6 20. Qd2 Qe7 21. Nc2
Rad8 22. Nd5 Nxd5 23. cxd5 c6 24. Qc3 Qc7 25. Nb4 Bh2+ 26. Kh1 c5 27. Nc2 Be5
28. Qb3 Bd6 29. Ne1 Qe7 30. Nf3 Ne5 31. Bf4 Ng6 32. Bxd6 Qxd6 33. Qd3 Nf4 34.
Qxa6 Qg6 35. g3 Rd6 36. gxf4 Rf6 37. Rg1 Qf5 38. Rg5 Qxh3+ 39. Nh2 Rh6 40. Rg2
Qf5 41. d6 Rxd6 42. Rxd6 Qb1+ 43. Rg1 Qe4+ 44. Rg2 Qxf4 45. Rxb6 h6 46. Qb5
Re1+ 47. Rg1 Re6 48. Qxc5 Qe4+ 49. f3 Qf4 50. Qc8+ Kh7 51. Rxe6 fxe6 52. Qxe6
Qf8 53. b4 h5 54. b5 h4 55. Qe4+ Kg8 56. a4 Kh8 57. Qxh4+ Kg8 58. Qc4+ Kh8 59.
b6 Kh7 60. Qf7 Kh6 61. Qxg7+ Kh5 62. Qg6+ Kh4 63. Qg5+ Kh3 64. Qg4# 1-0

[Event "Tournoi francophone 002 Groupe C"]
[Site "Skype"]
[Date "????.??.??"]
[Round "6.3"]
[White "Tamditi, Ibrahim"]
[Black "De Coninck, Philippe"]
[Result "1/2-1/2"]
[WhiteElo "1288"]
[BlackElo "1492"]
[PlyCount "156"]

1. e4 e5 2. Bc4 Nf6 3. Nf3 Nc6 4. Ng5 d5 5. exd5 Nxd5 6. Nxf7 Kxf7 7. Qf3+ Qf6
8. Bxd5+ Be6 9. Qxf6+ Kxf6 10. Bxc6 bxc6 11. O-O Bd6 12. Nc3 Bd5 13. Re1 Rhf8
14. d3 Kf7 15. Ne2 Kg8 16. Bd2 Rf6 17. c4 Be6 18. b4 c5 19. b5 Raf8 20. f3 Bf5
21. Nc1 Bd7 22. Bc3 Re6 23. Re4 c6 24. a4 Rf4 25. Ne2 Rxe4 26. fxe4 Bc7 27. Rb1
Bd8 28. Ng3 g6 29. Rf1 Bf6 30. Nh1 Kg7 31. Rf3 cxb5 32. axb5 a6 33. bxa6 Rxa6
34. Rf1 Ra3 35. Rc1 Ra2 36. Nf2 h5 37. Nd1 Bg4 38. Ne3 Be2 39. Nf1 Bxd3 40. Nd2
Kf7 41. Kf2 Bc2 42. Kf3 Ke6 43. Ra1 Rxa1 44. Bxa1 Bg5 45. Nf1 Bd3 46. Ne3 Bxe3
47. Kxe3 Bxc4 48. Bb2 Bb3 49. Kd3 c4+ 50. Kc3 Kf6 51. h4 g5 52. g3 gxh4 53.
gxh4 Ke6 54. Kb4 Kd6 55. Kb5 Ke6 56. Kb4 Bc2 57. Kxc4 Bxe4 58. Kc5 Bd3 59. Bc3
e4 60. Kd4 Kf5 61. Ke3 Kg4 62. Be1 Bc2 63. Kd2 Bb1 64. Ke3 Kh3 65. Kf4 Kg2 66.
Bd2 Kf2 67. Be3+ Ke2 68. Bc1 Kd1 69. Be3 Kc2 70. Kxe4 Kd1+ 71. Kf4 Ke2 72. Bb6
Bh7 73. Kg5 Kf3 74. Kxh5 Kf4 75. Bd8 Kf5 76. Kh6 Bg8 77. h5 Bf7 78. Ba5 Kg4
1/2-1/2

[Event "Tournoi francophone 002 Groupe C"]
[Site "Skype"]
[Date "????.??.??"]
[Round "6.4"]
[White "Rodriguez, Nathalie"]
[Black "Talbot, Jacques"]
[Result "0-1"]
[WhiteElo "1498"]
[BlackElo "1452"]
[PlyCount "68"]

1. e4 e5 2. Nf3 d6 3. h3 Nf6 4. Nc3 Be7 5. d4 exd4 6. Nxd4 Bd7 7. Bc4 O-O 8.
O-O Nc6 9. Nf5 Bxf5 10. exf5 Ne5 11. Bb3 c5 12. Nd5 Re8 13. Nxe7+ Rxe7 14. f4
Nc6 15. c3 Qd7 16. Bc2 Rae8 17. Bd3 Nd5 18. Bd2 Ne3 19. Bxe3 Rxe3 20. Qc2 h6
21. Rad1 a6 22. a3 b5 23. b3 Na5 24. c4 bxc4 25. bxc4 Qc6 26. Kh2 Qb7 27. Rf2
Nc6 28. g4 Nd4 29. Qa2 Nf3+ 30. Kg3 Ne5+ 31. Kh4 Qe7+ 32. g5 hxg5+ 33. fxg5
Nxd3 34. Rff1 Qe4+ 0-1

[Event "Tournoi francophone 002 Groupe C"]
[Site "Skype"]
[Date "????.??.??"]
[Round "6.5"]
[White "Holtz, Steve"]
[Black "Dubois, Real"]
[Result "1/2-1/2"]
[WhiteElo "1538"]
[BlackElo "1410"]
[PlyCount "94"]

1. e4 e5 2. d4 exd4 3. c3 d6 4. Qxd4 Bd7 5. Qb4 Qc8 6. Bc4 Nc6 7. Qb3 Ne5 8.
Be2 Nf6 9. Nd2 Be7 10. Ngf3 Nxf3+ 11. Bxf3 O-O 12. e5 dxe5 13. Bxb7 Qb8 14.
Bxa8 Qxa8 15. O-O Be6 16. Qc2 Bd6 17. Re1 Bd5 18. f3 Re8 19. Ne4 Nxe4 20. fxe4
Be6 21. Qf2 a5 22. a3 Qd8 23. Be3 Qd7 24. Rad1 Bb3 25. Rd2 Qc6 26. Qg3 Bc5 27.
Bxc5 Qxc5+ 28. Kh1 Re6 29. Qh3 Re8 30. Qd7 Rf8 31. Qd3 Be6 32. b4 axb4 33. axb4
Qe7 34. Ra1 h6 35. Qb5 Rc8 36. Qb7 Kh7 37. Ra8 Rxa8 38. Qxa8 Qh4 39. Rd1 Bb3
40. Rf1 Qe7 41. Qb7 Qd6 42. h3 Bc4 43. Ra1 c6 44. Kh2 Qg6 45. Re1 Bd3 46. Re3
Bxe4 47. Rg3 Qe6 1/2-1/2